00467nam a22001577a 450000500170000000800410001704000210005804100080007908200130008710000310010024500590013125000120019026000360020230000100023865000610024820230529160857.0230529b ||||| |||| 00| 0 eng d aIN-DiNCcIN-DiNC dasm a920bSHA aSharma, Dibyajyotieauthor aMahasangramar duranta Sainikjan/cby Dibyajyoti Sharma a2nd ed. aJorhat:bAngkur prakash,c2016. a188p. aMulti faced peasant movement in Assam led by Akhil Gogoi